Olaylar ve insanlar 1 (Record no. 2118)

MARC details
000 -BAŞLIK
Sabit Uzunlukta Kontrol Alanı 00702na a2200253 4500
001 - KONTROL NUMARASI
Denetim Alanı 14328
003 - KONTROL NUMARASI IDENTIFIER
Denetim Alanı MIRAKIL
005 - SON İŞLEM TARİHİ VE ZAMANI
Denetim Alanı 20181213154846.0
008 - SABİT-BOY VERİ ELEMANLARI - GENEL BİLGİLER
Sabit Uzunlukta Kontrol Alanı 160901b tu 000 0
035 ## - SİSTEM KONTROL NUMARASI
Sistem Kontrol Numarası 14328
040 ## - KATALOGLAMA KAYNAK
Orijinal Kataloglama Ajansı Milas
Kataloglama Dili tur
Metne Dönüştürmek Ajansı TR-AnCHP
082 ## - DEWEY ONLU SINIFLANDIRMA NUMARASI
Sınıflandırma Numarası 070.442
Ürün Numarası P84i 1985
090 ## - SINIFLAMA NUMARASI
Sınıflama Numarası 070.442 P84i 1985
100 ## - ANA GİRİŞ - KİŞİSEL İSİM
Kişisel Ad Pulur, Hasan
245 ## - BAŞLIK TABLOSU
Başlık Olaylar ve insanlar 1
Başlığın Kalan 1961-1972
Sorumluluk Tablosu, Vb Hasan Pulur
250 ## - EDITION TABLOSU
Baskı Beyanı 4.bs.
260 ## - YAYIN, DAĞITIM, VB
Yayın, Dağıtım, Vb Yeri İstanbul
Yayıncı, Dağıtıcı, Vs Adı Bilgi Yayınevi
Yayın, Dağıtım, Vb Tarihi 1985
300 ## - FİZİKSEL TANIM
Kapsam 318 s.
Boyutlar 19 sm.
490 ## - SERİSİ TABLOSU
Seri Beyanı Olaylar ve insanlar
Hacim / Ardışık Tanımı 1
490 ## - SERİSİ TABLOSU
Seri Beyanı Bilgi yayınları / bilgi dizisi
Hacim / Ardışık Tanımı 37
650 ## - KONU KATMA GİRİŞ - TOPİKAL DÖNEM
Topikal Süreli Veya Coğrafi Ad Giriş Elemanı Anekdotlar
650 ## - KONU KATMA GİRİŞ - TOPİKAL DÖNEM
Topikal Süreli Veya Coğrafi Ad Giriş Elemanı Siyasal yaşam
Genel Alt Bölümü Denemeler
Kronolojik Alt Bölümü 1961-1972
Coğrafi Alt Bölümü Türkiye
942 ## - EKLENDİ GİRİŞ ELEMANLARI (KOHA)
Sınıflandırma Veya Raf Düzeni Kaynak Dewey Decimal Classification
Koha Öğesi Türü Books
999 ## - SİSTEM KONTROL NUMARALARI (KOHA)
Koha Biblionumber 2118
Koha Biblioitemnumber 2118
Holdings
Kalıcı Konum Mevcut Konum Edinme Tarihi Edinim Kaynak Toplam Check-Out'Lar Tam Çağrı Numarası Barkod Tarih Son Görülme İtibaren Geçerli Fiyatlar Koha Öğesi Türü
CHP Kütüphanesi CHP Kütüphanesi 08/26/2016 Bağış   070.442 P84i 1985 001869 08/26/2016 08/26/2016 Books